000 00703nam a2200265Ia 4500
001 7585
005 20240113234024.0
007 ta
008 050709s 199 a g b000 u eng u
040 _aCotton College,Assam
041 _aeng
082 _a320.2
_bJa 33 Mo
100 _aJayapalan, N. .
245 0 _aModern Government /
_cN. Jayapalan.
_hTextual Documents
250 _a1st ed. /
260 _aNew Delhi :
_bAtlantic Publishers ,
_cC 1999.
300 _aix, 229p. :
_bill. ;
_c22cm .
504 _aIndex
653 _aPolitical Science
653 _aGovernment-Modern
653 _aPG-Political Science
942 _2ddc
_cBK
999 _c7572
_d7572